| 000 | 00394pab a2200157 454500 | ||
|---|---|---|---|
| 008 | 180718b1997 xxu||||| |||| 00| 0 eng d | ||
| 100 | _aJain, H.V. | ||
| 245 | _aConstitutionalism | ||
| 260 | _c1997 | ||
| 300 | _ap.44-73 | ||
| 362 | _aJan-Dec | ||
| 650 | _aIndia - Constitution | ||
| 650 | _aConstitutions | ||
| 773 | _aJournal of Constitutional and Parliamentary Studies | ||
| 909 | _a42629 | ||
| 999 |
_c42629 _d42629 |
||